00465 a2200169 4500003000500000005001700005040000900022082000800031100001700039245005600056260002800112300001000140650001500150942001200165999001900177952009900196Nust20170207153433.0 cNust a910 aFox .S,Cyril aPhysical Geography for Indian StudentscS,Cyril Fox aLondonbMacMillanc1938 a562:p a Geography 2ddccBK c186197d186197 00102ddc40708NFICaMCSbMCSd2016-12-12l0o910 FOXpMCS29218r2016-12-08w2016-12-12yBK